| 000 | 00844cam a2200289 4500 | ||
|---|---|---|---|
| 001 | J11693 | ||
| 008 | 000000n2002 000 0 eng u | ||
| 035 | _a(Sirsi) u119160 | ||
| 041 | _aeng | ||
| 050 | _a711.552 | ||
| 100 | _aWood, T. | ||
| 110 |
_aFPDSavills _93625 |
||
| 245 | 4 | _aThe definitive guide to retail & leisure parks: shopping meets leisure 2002. Executive summary | |
| 260 |
_aHigh Wycombe _bTW Research Associates _c2002 |
||
| 300 |
_avii,206p. _c31cm |
||
| 520 | _aFor full report see: J116377 | ||
| 650 | _aRETAILING | ||
| 650 | _aSHOPPING | ||
| 650 | _aLEISURE PARKS | ||
| 650 | _aRETAIL PARKS | ||
| 650 | _aOUT OF TOWN DEVELOPMENT | ||
| 650 | _aRETAIL WAREHOUSES | ||
| 650 | _aRANKINGS | ||
| 690 | _aPROPERTY-COMMERCIAL PROPERTY-RETAIL PROPERTY | ||
| 710 |
_aT W Research Associates _93658 |
||
| 942 | _n0 | ||
| 999 |
_c102263 _d102263 |
||